000 00357nam a2200133Ia 4500
008 230917s9999||||xx |||||||||||||| ||und||
040 _e183766
_aMAIN
041 _aEnglish
082 _a343.08 S64I
100 _aHarbir Singh
245 0 _aJuvenile Justice: A study of Haryana implementation of Juvenile Justice Act 1986
300 _a325 p.
942 _cTH
999 _c73072
_d73072